Building materials and components (Record no. 78933)

MARC details
000 -LEADER
fixed length control field 00865nam a2200169 a 4500
008 - FIXED-LENGTH DATA ELEMENTS--GENERAL INFORMATION
fixed length control field 120416s0000 ||||||||||||||||| || u
020 ## - INTERNATIONAL STANDARD BOOK NUMBER
International Standard Book Number 0074600613
050 ## - LIBRARY OF CONGRESS CALL NUMBER
Classification number TA 403 Ind
245 10 - TITLE STATEMENT
Title Building materials and components
246 ## -
-- technology for developing countries
260 ## - PUBLICATION, DISTRIBUTION, ETC.
Place of publication, distribution, etc. New Delhi
Name of publisher, distributor, etc. Tata McGraw-Hill
Date of publication, distribution, etc. 1990
300 ## - PHYSICAL DESCRIPTION
Extent viii, 240p. : ill.
350 ## -
-- 0.00
995 ## -
-- MAIN LIBRARY OPEN ACCESS
-- 0.00
-- 724446
-- CBU-MAIN LIBRARY (Kitwe)
-- 1
-- 250.00
-- TA 403 Ind
-- 1
-- LOST
-- Mar 7, 2013
-- 014154
-- Main Library Open Access Collection
995 ## -
-- ANNEX COLLECTION (Main Library)
-- 0.00
-- 724445
-- CBU-MAIN LIBRARY (Kitwe)
-- 2
-- 250.00
-- TA 403 Ind
-- 2
-- AVAILABLE
-- 014155
-- Annex Low-Usage Collection
995 ## -
-- ANNEX COLLECTION (Main Library)
-- 0.00
-- 724444
-- CBU-MAIN LIBRARY (Kitwe)
-- 3
-- 250.00
-- TA 403 Ind
-- 3
-- AVAILABLE
-- 014156
-- Annex Low-Usage Collection
999 ## -
-- 78933
-- 78933

No items available.